000 00396cam a22001217a 4500
008 180718b1993 xxu||||| |||| 00| 0 eng d
082 _aXA084 H88
245 _aHSD student research summary
_cby Asian Institute of Technology, Thailand
260 _aBangkok
_bAsian Institute of Technology
_c1993
300 _a329p.
650 _aResearch summary
700 _aThailand. Asian Institute of Technology
999 _c437390
_d437390